Kekra - Vréel - Statistiques

Statistiques générales
  • Ce quiz a été pris 3 fois
  • Le résultat moyen est 10 sur 14
Statistiques - réponses
Track Titre % Correct
8 Faut que je fasse
100%
4 Lequel
100%
2 Pas joli
100%
3 PinPon
100%
7 Elite
67%
12 Frap
67%
10 Hein
67%
14 Méfiant
67%
5 Pas payé
67%
13 PJDTV
67%
9 Satin
67%
1 Trop chaud
67%
6 Cramé
33%
11 Fais en un autre
33%
Aucun quiz correspondant
Distribution des résultats
% des personnes avec chaque résultat
Percentile par nombre de réponses
Votre historique - résultats
Vous n’avez pas pris ce quiz